Ktorých 5P by mal mať líder 21. storočia?
Biznis potrebuje nových VIP lídrov, vedomých, inšpiratívnych a pozitívnych. Pojem leadership. Vedomý a inšpiratívny leadership.
Enregistré dans:
| Auteur principal: | |
|---|---|
| Format: | Chapitre de livre |
| Langue: | slovaque |
| Sujets: | |
| Tags: |
Pas de tags, Soyez le premier à ajouter un tag!
|
MARC
| LEADER | 00000naa a2200000 4500 | ||
|---|---|---|---|
| 001 | 0241470 | ||
| 005 | 20180326100420.6 | ||
| 041 | 0 | |a slo | |
| 044 | |a SK | ||
| 245 | 1 | 0 | |a Ktorých 5P by mal mať líder 21. storočia? |c Jaroslava Vaculčiaková |
| 520 | |a Biznis potrebuje nových VIP lídrov, vedomých, inšpiratívnych a pozitívnych. Pojem leadership. Vedomý a inšpiratívny leadership. | ||
| 610 | 2 | 0 | |a lídri |
| 610 | 2 | 0 | |a riadenie ľudských zdrojov |
| 610 | 2 | 0 | |a podnikanie |
| 610 | 2 | 0 | |a komunikácia manažérska |
| 610 | 2 | 0 | |a vodcovstvo |
| 100 | 1 | |a Vaculčiaková, Jaroslava | |